Cubist Modernism : (Record no. 14403)

000 -LEADER
fixed length control field 00355nam a22001577a 4500
003 - CONTROL NUMBER IDENTIFIER
control field OSt
005 - DATE AND TIME OF LATEST TRANSACTION
control field 20260303102449.0
008 - FIXED-LENGTH DATA ELEMENTS--GENERAL INFORMATION
fixed length control field 260211b ||||| |||| 00| 0 eng d
020 ## - INTERNATIONAL STANDARD BOOK NUMBER
International Standard Book Number 9788192965628
082 ## - DEWEY DECIMAL CLASSIFICATION NUMBER
Classification number 720.954
Item number SAB
100 ## - MAIN ENTRY--PERSONAL NAME
Personal name Sangeeth Sharma
245 ## - TITLE STATEMENT
Title Cubist Modernism :
260 ## - PUBLICATION, DISTRIBUTION, ETC. (IMPRINT)
Name of publisher, distributor, etc Thomson Press.
300 ## - PHYSICAL DESCRIPTION
Other physical details 358p. :
942 ## - ADDED ENTRY ELEMENTS (KOHA)
Source of classification or shelving scheme
Holdings
Withdrawn status Lost status Source of classification or shelving scheme Damaged status Koha normalized classification for sorting Not for loan Permanent location Current location Date acquired Full call number Barcode Date last seen Price effective from Koha item type
        720_954000000000000_SAB   BMS College of Architecture, Design and Planning BMS College of Architecture, Design and Planning 2026-02-11 720.954 SAB AR-UG5297 2026-02-11 2026-02-11 UG Books
Copyright © 2025, The Librarian, Library and Information Centre, BMSCA D&P, Bengaluru. All Rights Reserved
web counter

Powered by Koha